LDR 00769naa#a2200169#i#450# 001 RU\\bibl\123142 005 20260604074329.4 011 ## _a2686-9896 100 ## _a20260515b2026####ek#y0rusy0150####ca 102 ## _aRU 200 1# _aМЕДИА ОТКРЫВАЮТ ДАННЫЕ СОЦИАЛЬНЫХ ПРОБЛЕМ В ЭКОЛОГИИ _eЖурнальная статья 210 1# _aАнгарск _cФГБОУ ВО "Ангарский государственный технический университет" _d2026 215 ## _a1 с. 608 ## _aЖурнальная статья _2local 675 ## _aНауки об окружающей среде. Энвиронментология. 504 _z 700 #1 _aДьякович _gМарина Пинхасовна 856 4# _aangtu.editorum.ru _u